MARC details
| 000 -LEADER |
| fixed length control field |
00790nam a2200181 a 4500 |
| 008 - FIXED-LENGTH DATA ELEMENTS--GENERAL INFORMATION |
| fixed length control field |
120619s1995 ||||||||||||||||| || u |
| 020 ## - INTERNATIONAL STANDARD BOOK NUMBER |
| International Standard Book Number |
9241544619 |
| 050 ## - LIBRARY OF CONGRESS CALL NUMBER |
| Classification number |
RC 78.7.U4 Man (BOX 230) |
| 100 ## - MAIN ENTRY--PERSONAL NAME |
| Personal name |
Palmer, P. E. S |
| 245 10 - TITLE STATEMENT |
| Title |
Manual of diagnostic ultrasound |
| Statement of responsibility, etc. |
edited by P. E. S. Palmer |
| 260 ## - PUBLICATION, DISTRIBUTION, ETC. |
| Place of publication, distribution, etc. |
Geneva: |
| Name of publisher, distributor, etc. |
WHO |
| Date of publication, distribution, etc. |
1995 |
| 300 ## - PHYSICAL DESCRIPTION |
| Extent |
xvi, 334p.: ill. |
| 500 ## - GENERAL NOTE |
| General note |
Blue Trunk Library Collection (WHO). |
| 650 ## - SUBJECT ADDED ENTRY--TOPICAL TERM |
| Topical term or geographic name entry element |
ULTRASONOGRAPHY--HANDBOOKS, MANUALS, ETC |
| 650 ## - SUBJECT ADDED ENTRY--TOPICAL TERM |
| Topical term or geographic name entry element |
DIAGNOSTIC IMAGING--HANDBOOKS, MANUALS, ETC |
| 650 ## - SUBJECT ADDED ENTRY--TOPICAL TERM |
| Topical term or geographic name entry element |
DIAGNOSTIC ULTRASONIC IMAGING--HANDBOOKS, MANUALS, ETC |
| 995 ## - |
| -- |
MEDICAL LIBRARY OPEN ACCESS |
| -- |
743152 |
| -- |
CBU-SCHOOL OF MEDICINE LIBRARY (Ndola) |
| -- |
BTL RC 78.7.U4 Man (BOX 230) |
| -- |
1 |
| -- |
AVAILABLE |
| -- |
Jun 22, 2012 |
| -- |
743152 |
| -- |
Medical Library Open Access Collection |
| 999 ## - |
| -- |
31966 |
| -- |
31966 |